Reality in realty (Record no. 100707)

MARC details
000 -LEADER
fixed length control field 00617cam a2200253 4500
001 - CONTROL NUMBER
control field J107618
008 - FIXED-LENGTH DATA ELEMENTS--GENERAL INFORMATION
fixed length control field 000000n1993 000 0 eng u
035 ## - SYSTEM CONTROL NUMBER
System control number (Sirsi) u107618
050 ## - LIBRARY OF CONGRESS CALL NUMBER
Classification number 333.33094
100 ## - MAIN ENTRY--PERSONAL NAME
Personal name Comport, A L
245 ## - TITLE STATEMENT
Title Reality in realty
260 ## - PUBLICATION, DISTRIBUTION, ETC.
Place of publication, distribution, etc. Adelaide
Name of publisher, distributor, etc. Manning Printers
Date of publication, distribution, etc. 1993
300 ## - PHYSICAL DESCRIPTION
Extent 191p. ; 30cm.
650 ## - SUBJECT ADDED ENTRY--TOPICAL TERM
Topical term or geographic name entry element AUSTRALIA
650 ## - SUBJECT ADDED ENTRY--TOPICAL TERM
Topical term or geographic name entry element ADELAIDE
650 ## - SUBJECT ADDED ENTRY--TOPICAL TERM
Topical term or geographic name entry element PROPERTY MARKET
650 ## - SUBJECT ADDED ENTRY--TOPICAL TERM
Topical term or geographic name entry element Valuation
9 (RLIN) 6273
650 ## - SUBJECT ADDED ENTRY--TOPICAL TERM
Topical term or geographic name entry element JONES LANG WOOTON
650 ## - SUBJECT ADDED ENTRY--TOPICAL TERM
Topical term or geographic name entry element SURVEYING
650 ## - SUBJECT ADDED ENTRY--TOPICAL TERM
Topical term or geographic name entry element HOUSING
650 ## - SUBJECT ADDED ENTRY--TOPICAL TERM
Topical term or geographic name entry element REAL ESTATE
690 ## - LOCAL SUBJECT ADDED ENTRY--TOPICAL TERM (OCLC, RLIN)
Topical term or geographic name as entry element INTERNATIONAL-AUSTRALASIA
942 ## - ADDED ENTRY ELEMENTS (KOHA)
Suppress in OPAC 0
Holdings
Withdrawn status Lost status Source of classification or shelving scheme Damaged status Not for loan Home library Current library Shelving location Date acquired Total Checkouts Full call number Barcode Date last seen Copy number Price effective from Koha item type
    Dewey Decimal Classification     London London Basement 07/08/2000   SHELF 135 30062065 06/08/2019 1 06/08/2019 Book